[Event "Irish Championship 2021"]
[Site "Dublin IRL"]
[Date "2021.08.05"]
[Round "6.9"]
[White "Collins, Adam"]
[Black "Harding, Tim"]
[Result "1-0"]
[BlackTitle "CM"]
[WhiteElo "1887"]
[BlackElo "2003"]
[WhiteICU "1966"]
[BlackICU "1955"]
[WhiteClub "Kilkenny"]
[BlackClub "T.C.D."]
[WhiteNationality "IRL"]
[BlackNationality "IRL"]
[WhiteFideId "2512300"]
[BlackFideId "2500256"]
[PlyCount "105"]
[Venue "Colaiste Eanna"]
[EventDate "2021.07.31"]

{ Event information: <a
href="https://www.irlchess.com/irlch2021_allfiles/pairings_irlch2021.html">Tournament
report</a>. }

1. e4 e5 2. Nf3 Nc6 3. Bb5 Nf6 4. d3 d6 5. c3 Be7 6. O-O Bd7 7. Re1 a6 8.
Ba4 O-O 9. Nbd2 b5 10. Bc2 Re8 11. Nf1 Bf8 12. Bg5 Ne7 13. Ng3 Ng6 14. h3
h6 15. Be3 c5 16. d4 Qc7 17. d5 Kh7 18. a4 Ne7 19. b4 cxb4 20. cxb4 Rec8
21. Bb3 a5 22. axb5 Bxb5 23. Ba4 Qd7 24. Bxb5 Qxb5 25. bxa5 Rxa5 26. Rxa5
Qxa5 27. Qa1 Qb5 28. Rb1 Qd7 29. Qa6 g6 30. Nxe5 dxe5 31. Qxf6 Ng8 32. Qa6
Rc7 33. Rb8 Qe7 34. Qa8 Kg7 35. Kf1 h5 36. h4 Qa3 37. Qxa3 Bxa3 38. Ke2 Be7
39. Bg5 f6 40. Bd2 Nh6 41. Bxh6+ Kxh6 42. Kd3 Bc5 43. f3 Bf2 44. Ne2 Bxh4
45. g3 Bg5 46. f4 exf4 47. gxf4 Bh4 48. e5 fxe5 49. fxe5 Be7 50. Kd4 Bc5+
51. Ke4 Kg5 52. Nf4 Re7 53. Rg8 1-0

[Event "Irish Championship 2021"]
[Site "Dublin IRL"]
[Date "2021.08.05"]
[Round "6.10"]
[White "Murchadha, Oissine"]
[Black "Moran, Darragh"]
[Result "0-1"]
[WhiteElo "1976"]
[BlackElo "1859"]
[BlackICU "1838"]
[BlackClub "Gonzaga"]
[WhiteNationality "IRL"]
[BlackNationality "IRL"]
[WhiteFideId "2503603"]
[BlackFideId "2510294"]
[PlyCount "118"]
[Venue "Colaiste Eanna"]
[EventDate "2021.07.31"]
[WhiteFullName "Murchadha, Oiss&iacute;ne"]

{ Event information: <a
href="https://www.irlchess.com/irlch2021_allfiles/pairings_irlch2021.html">Tournament
report</a>. }

1. d4 d6 2. c4 e5 3. Nc3 exd4 4. Qxd4 Nc6 5. Qd1 g6 6. Nf3 Bg7 7. Bg5 Nge7
8. Rc1 h6 9. Bd2 d5 10. cxd5 Nxd5 11. Qb3 Nb6 12. e3 O-O 13. Be2 Be6 14.
Qd1 Nc4 15. b3 Nxd2 16. Qxd2 Qxd2+ 17. Nxd2 Rfd8 18. Bf3 Nb4 19. Ke2 c6 20.
Ndb1 Rd7 21. Rhd1 Rad8 22. Rxd7 Rxd7 23. h4 Kf8 24. h5 g5 25. g4 Nd3 26.
Rg1 Ne5 27. Na4 Rd8 28. Nc5 Bc8 29. Ne4 b6 30. Nbd2 Be6 31. Ke1 c5 32. Be2
Ke7 33. f4 gxf4 34. exf4 Nd3+ 35. Bxd3 Rxd3 36. Ke2 Rd4 37. f5 Bd5 38. Nf2
b5 39. Rc1 Kd6 40. Nf3 Rf4 41. Nd2 Bd4 42. Rf1 Bxf2 43. Rxf2 Rxg4 44. Kd3
Rg3+ 45. Kc2 Rg5 46. a4 bxa4 47. bxa4 Rxh5 48. a5 Rh4 49. f6 Ra4 50. Rh2
Rxa5 51. Rxh6 Ra4 52. Nf1 Be4+ 53. Kc3 Ra3+ 54. Kb2 Rf3 55. Nd2 Rf2 56. Kc3
Bd5 57. Nc4+ Bxc4 58. Kxc4 a6 59. Rh5 Rf4+ 0-1

[Event "Irish Championship 2021"]
[Site "Dublin IRL"]
[Date "2021.08.05"]
[Round "6.11"]
[White "Goss, Alex"]
[Black "Tirziman, Rudolf"]
[Result "1/2-1/2"]
[WhiteElo "1833"]
[BlackElo "1941"]
[WhiteICU "1750"]
[WhiteClub "U.C.D."]
[BlackClub "Blanchardstown"]
[WhiteNationality "IRL"]
[BlackNationality "IRL"]
[WhiteFideId "2509407"]
[BlackFideId "2508664"]
[PlyCount "29"]
[Venue "Colaiste Eanna"]
[EventDate "2021.07.31"]

{ Event information: <a
href="https://www.irlchess.com/irlch2021_allfiles/pairings_irlch2021.html">Tournament
report</a>. }

1. c4 Nf6 2. d4 e6 3. a3 d5 4. Nc3 c6 5. cxd5 exd5 6. Bg5 Bf5 7. Nf3 Nbd7
8. Nh4 Be6 9. Nf3 h6 10. Bh4 Bf5 11. e3 Be7 12. Bd3 Ne4 13. Bxe7 Qxe7 14.
Rc1 O-O 15. O-O 1/2-1/2

[Event "Irish Championship 2021"]
[Site "Dublin IRL"]
[Date "2021.08.05"]
[Round "6.13"]
[White "Cafolla, Peter"]
[Black "Murray, Sam"]
[Result "1/2-1/2"]
[WhiteElo "1958"]
[BlackElo "1621"]
[WhiteICU "1914"]
[BlackICU "1608"]
[WhiteClub "Rathmines"]
[BlackClub "Gonzaga"]
[WhiteNationality "IRL"]
[BlackNationality "IRL"]
[WhiteFideId "2500884"]
[BlackFideId "2508958"]
[PlyCount "71"]
[Venue "Colaiste Eanna"]
[EventDate "2021.07.31"]

{ Event information: <a
href="https://www.irlchess.com/irlch2021_allfiles/pairings_irlch2021.html">Tournament
report</a>. }

1. e4 Nc6 2. Nc3 e5 3. Bc4 Nf6 4. d3 h6 5. f4 Bc5 6. Nf3 d6 7. Na4 Bb6 8.
Nxb6 axb6 9. a3 O-O 10. O-O Be6 11. Bxe6 fxe6 12. fxe5 dxe5 13. Kh1 Qe8 14.
Bd2 Qh5 15. Qe1 Nd4 16. Nxd4 exd4 17. Qg3 Rac8 18. Rf3 Kh7 19. Raf1 Nd7 20.
Bf4 c5 21. c4 Qg6 22. Bd6 Qxg3 23. hxg3 Rf6 24. e5 Rxf3 25. gxf3 Kg6 26.
Kg2 Kf5 27. f4 h5 28. Kf3 Rh8 29. Rh1 g5 30. Rxh5 Rxh5 31. g4+ Kg6 32.
gxh5+ Kxh5 33. fxg5 Kxg5 34. Ke4 Kg4 35. b4 Kg3 36. b5 1/2-1/2

[Event "Irish Championship 2021"]
[Site "Dublin IRL"]
[Date "2021.08.05"]
[Round "6.14"]
[White "Murray, David"]
[Black "MacElligott, Gerard"]
[Result "1-0"]
[BlackTitle "CM"]
[WhiteElo "2142"]
[BlackElo "1966"]
[WhiteICU "2125"]
[BlackICU "1938"]
[WhiteClub "Gonzaga"]
[BlackClub "Elm Mount"]
[WhiteNationality "IRL"]
[BlackNationality "IRL"]
[WhiteFideId "2501511"]
[BlackFideId "2500647"]
[PlyCount "115"]
[Venue "Colaiste Eanna"]
[EventDate "2021.07.31"]

{ Event information: <a
href="https://www.irlchess.com/irlch2021_allfiles/pairings_irlch2021.html">Tournament
report</a>. }

1. e4 e6 2. d4 d5 3. Nc3 Nf6 4. Bg5 Be7 5. e5 Nfd7 6. Bxe7 Qxe7 7. f4 a6 8.
Nf3 c5 9. dxc5 Nc6 10. Bd3 Nxc5 11. O-O f6 12. Qe2 O-O 13. Rae1 Bd7 14. Qf2
Nxd3 15. cxd3 Rac8 16. Qb6 fxe5 17. Nxe5 Nxe5 18. Rxe5 Qc5+ 19. Qxc5 Rxc5
20. f5 Rxf5 21. Rfxf5 exf5 22. Kf2 Kf7 23. Ke3 Be6 24. Kd4 Rc8 25. g3 g5
26. Re2 Kf6 27. a3 Bf7 28. Rc2 Rc6 29. Re2 Rc7 30. b4 h6 31. a4 Be6 32. Rc2
Rd7 33. a5 Bg8 34. Ne2 Bf7 35. Rc5 Bh5 36. Nc3 Bf7 37. b5 axb5 38. Rxb5 f4
39. Rb6+ Kf5 40. gxf4 gxf4 41. Rxh6 Kg5 42. Rb6 f3 43. Rb1 Kf4 44. Nd1 Re7
45. Rb6 Be6 46. a6 bxa6 47. Rxa6 Bf5 48. Rf6 Re2 $2 (48... Kg5 $10) 49. Ne3
$18 Rxe3 50. Rxf5+ Kxf5 51. Kxe3 Kg4 52. Kf2 Kf4 53. h3 d4 54. h4 Kg4 55.
h5 Kxh5 56. Kxf3 Kg6 57. Ke4 Kf6 58. Kxd4 1-0

[Event "Irish Championship 2021"]
[Site "Dublin IRL"]
[Date "2021.08.05"]
[Round "6.15"]
[White "Lyons, Brendan"]
[Black "Putar, Lara"]
[Result "1-0"]
[WhiteElo "1931"]
[BlackElo "1930"]
[WhiteICU "1886"]
[BlackICU "1969"]
[WhiteClub "St. Benildus"]
[BlackClub "St. Benildus"]
[WhiteNationality "IRL"]
[BlackNationality "IRL"]
[WhiteFideId "2500698"]
[BlackFideId "14546604"]
[PlyCount "90"]
[Venue "Colaiste Eanna"]
[EventDate "2021.07.31"]

{ Event information: <a
href="https://www.irlchess.com/irlch2021_allfiles/pairings_irlch2021.html">Tournament
report</a>. }

1. e4 e6 2. d4 d5 3. Bd3 dxe4 4. Bxe4 Nf6 5. Bf3 c5 6. Ne2 Be7 7. Be3 O-O
8. Nbc3 Nbd7 9. O-O Nb6 10. b3 cxd4 11. Qxd4 Nfd5 12. Rad1 Bf6 13. Qd2 Nxe3
14. Qxe3 Qe7 15. a4 Bg5 16. Qd4 f5 17. a5 Nd7 18. Bxb7 Bxb7 19. Qxd7 Ba6
20. Qc6 Bxe2 21. Nxe2 Qf6 22. Nd4 Rfe8 23. Rfe1 Rac8 24. Qd7 e5 25. Nf3 Bf4
26. Qd5+ Kh8 27. g3 Red8 28. Qb7 Rb8 29. Qxa7 Re8 30. gxf4 Qg6+ 31. Ng5
exf4 32. h4 Qh5 33. Qf7 Qg4+ 34. Kf1 Rec8 35. Rd7 Rg8 36. Qd5 h6 37. Nf7+
Kh7 38. Qg2 Qh5 39. Re6 Rbe8 40. Rxe8 Rxe8 41. Ne5 Re7 42. f3 Rxd7 43. Nxd7
Qxh4 44. a6 Qe7 45. Qd2 Qd8 1-0

[Event "Irish Championship 2021"]
[Site "Dublin IRL"]
[Date "2021.08.05"]
[Round "6.16"]
[White "O'Flaherty, Kevin"]
[Black "O'Gorman, Alice"]
[Result "1/2-1/2"]
[WhiteElo "1884"]
[BlackElo "1907"]
[WhiteICU "1818"]
[BlackICU "1882"]
[WhiteClub "Univ. of Limerick"]
[BlackClub "T.C.D."]
[WhiteNationality "IRL"]
[BlackNationality "IRL"]
[WhiteFideId "2502283"]
[BlackFideId "2508214"]
[PlyCount "84"]
[Venue "Colaiste Eanna"]
[EventDate "2021.07.31"]

{ Event information: <a
href="https://www.irlchess.com/irlch2021_allfiles/pairings_irlch2021.html">Tournament
report</a>. }

1. d4 d5 2. Nf3 Nf6 3. Bf4 c5 4. e3 Nc6 5. c3 Qb6 6. Qc1 Bf5 7. Be2 h6 8.
Ne5 Rc8 9. dxc5 Qxc5 10. Qd1 Qb6 11. Qb3 Qxb3 12. axb3 a6 13. Nxc6 Rxc6 14.
Nd2 Nd7 15. Nf3 Rc8 16. b4 g5 17. Bg3 Bg7 18. h4 Rxc3 19. Nd4 Bxd4 20. exd4
Rb3 21. b5 O-O 22. bxa6 bxa6 23. O-O Rxb2 24. Rfe1 e6 25. Rxa6 Rc8 26. Ra7
Nf8 27. h5 f6 28. Bd6 Rd8 29. Ba3 Rd2 30. g4 Bc2 31. Bb5 Rb8 32. Bxf8 Rxf8
33. Rxe6 Rxd4 34. f3 Rd2 35. Ree7 Bb1 36. Be8 d4 37. Bg6 Bxg6 38. hxg6 Rb8
39. Rg7+ Kh8 40. Rh7+ Kg8 41. Rag7+ Kf8 42. Rf7+ Kg8 1/2-1/2

[Event "Irish Championship 2021"]
[Site "Dublin IRL"]
[Date "2021.08.05"]
[Round "6.17"]
[White "Burke, Kevin"]
[Black "Casey, Eoghan"]
[Result "1-0"]
[WhiteElo "1883"]
[BlackElo "1952"]
[WhiteICU "1781"]
[BlackICU "1876"]
[WhiteClub "St. Benildus"]
[BlackClub "Gonzaga"]
[WhiteNationality "IRL"]
[BlackNationality "IRL"]
[WhiteFideId "2501520"]
[BlackFideId "2502178"]
[PlyCount "115"]
[Venue "Colaiste Eanna"]
[EventDate "2021.07.31"]

{ Event information: <a
href="https://www.irlchess.com/irlch2021_allfiles/pairings_irlch2021.html">Tournament
report</a>. }

1. e4 e5 2. f4 d5 3. exd5 c6 4. Nc3 exf4 5. Nf3 Bd6 6. d4 Nf6 7. Bd3 Qe7+
8. Qe2 Qxe2+ 9. Nxe2 Nxd5 10. c3 f6 11. h4 O-O 12. Kf2 Re8 13. Re1 Bg4 14.
c4 Nb4 15. Bb1 Bxf3 16. Kxf3 g5 17. a3 N4a6 18. Bd2 Nd7 19. Bf5 Nf8 20. Nc3
Nc7 21. Ne4 Be7 22. hxg5 fxg5 23. Kg4 Nce6 24. Bc3 Ng7 25. Nxg5 h5+ 26.
Kxf4 Bd6+ 27. Re5 Bxe5+ 28. dxe5 Nfe6+ 29. Nxe6 Nxe6+ 30. Kg3 Kf7 31. Rf1
Rh8 32. Bh3+ Ke7 33. Rf6 Rag8+ 34. Kh2 Ng5 35. Bb4+ Ke8 36. Bf5 h4 37. e6
h3 38. Bg6+ Kd8 39. e7+ Kc7 40. Bd6+ Kd7 41. Bf5+ Ke8 42. Rf8+ Rxf8 43.
exf8=R+ Rxf8 44. Bxf8 Kxf8 45. Bxh3 Ne4 46. Bf5 Nd6 47. Bd3 Nf7 48. Kg3 Ne5
49. Be2 Nd7 50. Kf4 Ke7 51. g4 Nc5 52. Ke5 Na4 53. b4 Nc3 54. Bd3 Nd1 55.
g5 Nf2 56. Bf5 Nd1 57. c5 Ne3 58. Be6 1-0

[Event "Irish Championship 2021"]
[Site "Dublin IRL"]
[Date "2021.08.06"]
[Round "7.1"]
[White "O'Gorman, Tom"]
[Black "Kanyamarala, Tarun"]
[Result "1/2-1/2"]
[WhiteTitle "FM"]
[BlackTitle "FM"]
[WhiteElo "2368"]
[BlackElo "2369"]
[WhiteICU "2303"]
[BlackICU "2296"]
[WhiteClub "Dun Laoghaire"]
[BlackClub "Balbriggan"]
[WhiteNationality "IRL"]
[BlackNationality "IRL"]
[WhiteFideId "2508249"]
[BlackFideId "45004714"]
[PlyCount "96"]
[Venue "Colaiste Eanna"]
[EventDate "2021.07.31"]

{ Event information: <a
href="https://www.irlchess.com/irlch2021_allfiles/pairings_irlch2021.html">Tournament
report</a>. }

1. Nf3 f5 2. d4 Nf6 3. g3 g6 4. Bg2 Bg7 5. O-O O-O 6. b3 d6 7. Bb2 c6 8.
Nbd2 a5 9. c4 Na6 10. Qc2 Qc7 11. a3 Re8 12. e4 fxe4 13. Nxe4 Nxe4 14. Qxe4
e5 15. dxe5 dxe5 16. Nd2 Qb6 17. Qe2 Bf5 18. Be4 Nc5 19. Qe3 Rad8 20. Bxf5
gxf5 21. b4 f4 22. Qxc5 Qxc5 23. bxc5 Rxd2 24. Bc3 Rd3 25. Rfc1 fxg3 26.
hxg3 Bf8 27. Bxa5 Bxc5 28. Rc3 Rd2 29. Rf3 Rc2 30. Rb1 Re7 31. Bb4 Rxc4 32.
Bxc5 Rxc5 33. a4 Rc2 34. Rfb3 Rf7 35. Rxb7 Rfxf2 36. Rc7 Rg2+ 37. Kh1 Rh2+
38. Kg1 Rcg2+ 39. Kf1 Rf2+ 40. Kg1 Rhg2+ 41. Kh1 Rxg3 42. Rb8+ Rf8 43.
Rxf8+ Kxf8 44. Rxc6 Kf7 45. a5 Ra3 46. a6 h5 47. Rh6 Kg7 48. Rxh5 Rxa6
1/2-1/2

[Event "Irish Championship 2021"]
[Site "Dublin IRL"]
[Date "2021.08.06"]
[Round "7.2"]
[White "Heidenfeld, Mark"]
[Black "Baburin, Alexander"]
[Result "1/2-1/2"]
[WhiteTitle "IM"]
[BlackTitle "GM"]
[WhiteElo "2360"]
[BlackElo "2416"]
[WhiteICU "2282"]
[BlackICU "2369"]
[BlackClub "Kilkenny"]
[WhiteNationality "IRL"]
[BlackNationality "IRL"]
[WhiteFideId "2500990"]
[BlackFideId "2500914"]
[PlyCount "35"]
[Venue "Colaiste Eanna"]
[EventDate "2021.07.31"]

{ Event information: <a
href="https://www.irlchess.com/irlch2021_allfiles/pairings_irlch2021.html">Tournament
report</a>. }

1. e4 Nf6 2. Nc3 d6 3. d4 g6 4. Nf3 Bg7 5. Be2 O-O 6. O-O Bg4 7. h3 Bxf3 8.
Bxf3 c6 9. a4 Nbd7 10. a5 a6 11. Be3 e6 12. Qd2 d5 13. e5 Ne8 14. Be2 c5
15. f4 cxd4 16. Bxd4 f6 17. exf6 Nexf6 18. Qe3 1/2-1/2

[Event "Irish Championship 2021"]
[Site "Dublin IRL"]
[Date "2021.08.06"]
[Round "7.3"]
[White "Fitzsimons, David"]
[Black "Murphy, Conor E."]
[Result "1/2-1/2"]
[WhiteTitle "IM"]
[BlackTitle "FM"]
[WhiteElo "2324"]
[BlackElo "2394"]
[WhiteICU "2343"]
[BlackICU "2419"]
[WhiteClub "Elm Mount"]
[BlackClub "Charlton ENG"]
[WhiteNationality "IRL"]
[BlackNationality "IRL"]
[WhiteFideId "2501961"]
[BlackFideId "421669"]
[PlyCount "127"]
[Venue "Colaiste Eanna"]
[EventDate "2021.07.31"]

{ Event information: <a
href="https://www.irlchess.com/irlch2021_allfiles/pairings_irlch2021.html">Tournament
report</a>. }

1. e4 e5 2. Nc3 Nf6 3. d4 exd4 4. Qxd4 Nc6 5. Qd3 Bc5 6. Bf4 O-O 7. O-O-O
d6 8. f3 Nh5 9. Be3 Qh4 10. Nge2 Ne5 11. Qd2 Nc4 12. Bg5 Qf2 13. Qe1 Qxe1
14. Rxe1 Bf2 15. Rd1 h6 16. Bd2 Nxd2 17. Kxd2 c6 18. Kc1 Rd8 19. Nd4 Be3+
20. Kb1 Bg5 21. g3 Be7 22. f4 Re8 23. Bg2 Bf8 24. Rhe1 g6 25. Bf3 Nf6 26.
e5 dxe5 27. fxe5 Nh7 28. e6 Ng5 29. exf7+ Kxf7 30. Rxe8 Kxe8 31. Be2 Bh3
32. Bd3 Kf7 33. Nde2 Re8 34. Nf4 Bf5 35. Bxf5 gxf5 36. Nce2 Bc5 37. c3 Nf3
38. h3 Ke7 39. Kc2 Rg8 40. Nd3 Bd6 41. Rf1 Ng5 42. Rxf5 Nxh3 43. Rh5 Ng5
44. Rxh6 Nf7 45. Rh1 Rg5 46. Re1 Kd7 47. Rf1 Nh6 48. Rh1 Nf5 49. Rh7+ Kc8
50. Rh8+ Kd7 51. Nf2 Nxg3 52. Nxg3 Rxg3 53. Rh7+ Be7 54. Nd3 Rg5 55. a4 a6
56. b4 Ke6 57. Rh6+ Kd7 58. Rh7 Ke6 59. a5 Rf5 60. Kb3 Rg5 61. Kc4 Rg4+ 62.
Kb3 Rg5 63. Kc4 Rg4+ 64. Kb3 1/2-1/2

[Event "Irish Championship 2021"]
[Site "Dublin IRL"]
[Date "2021.08.06"]
[Round "7.4"]
[White "Daly, Colm"]
[Black "O'Donnell, Conor"]
[Result "1-0"]
[WhiteTitle "FM"]
[BlackTitle "FM"]
[WhiteElo "2285"]
[BlackElo "2331"]
[WhiteICU "2261"]
[BlackICU "2311"]
[WhiteClub "Bray/Greystones"]
[BlackClub "Gonzaga"]
[WhiteNationality "IRL"]
[BlackNationality "IRL"]
[WhiteFideId "2500434"]
[BlackFideId "2504243"]
[PlyCount "99"]
[Venue "Colaiste Eanna"]
[EventDate "2021.07.31"]

{ Event information: <a
href="https://www.irlchess.com/irlch2021_allfiles/pairings_irlch2021.html">Tournament
report</a>. }

1. d4 Nf6 2. Nf3 c5 3. dxc5 e6 4. c4 Bxc5 5. e3 O-O 6. Be2 d5 7. O-O Nc6 8.
a3 Bd6 9. cxd5 exd5 10. b4 Bg4 11. Bb2 Rc8 12. Nbd2 Ne4 13. Rc1 Re8 14. Nb3
Bb8 15. g3 Qd6 16. Nbd4 Qh6 17. Nxc6 bxc6 18. Bd4 Qh5 19. Rc2 Nd6 20. Ne1
Bxe2 21. Qxe2 Qh3 22. Nf3 Nc4 23. Ra1 h5 24. Qd3 Qg4 25. Kg2 a5 26. h3 Qe4
27. Qxe4 Rxe4 28. Bc5 a4 29. Raa2 f6 30. Nd2 Nxd2 31. Rxd2 Rc4 32. Rac2
Rxc2 33. Rxc2 Kf7 34. f4 Ke6 35. Kf3 f5 36. g4 hxg4+ 37. hxg4 Rh8 38. Bd4
fxg4+ 39. Kxg4 Kd7 40. Kf5 Bd6 41. Bxg7 Rh5+ 42. Kg6 Rh3 43. Bd4 Rg3+ 44.
Kf5 Rh3 45. Rg2 Rh7 46. Rg8 Rf7+ 47. Kg6 Re7 48. Ra8 Re4 49. f5 Rg4+ 50.
Kf7 1-0

[Event "Irish Championship 2021"]
[Site "Dublin IRL"]
[Date "2021.08.06"]
[Round "7.6"]
[White "Murphy, Sean J."]
[Black "Collins, Adam"]
[Result "1-0"]
[WhiteElo "1990"]
[BlackElo "1887"]
[WhiteICU "2020"]
[BlackICU "1966"]
[WhiteClub "Cork"]
[BlackClub "Kilkenny"]
[WhiteNationality "IRL"]
[BlackNationality "IRL"]
[WhiteFideId "2512742"]
[BlackFideId "2512300"]
[PlyCount "83"]
[Venue "Colaiste Eanna"]
[EventDate "2021.07.31"]
[WhiteFullName "Murphy, Se&aacute;n J."]

{ Event information: <a
href="https://www.irlchess.com/irlch2021_allfiles/pairings_irlch2021.html">Tournament
report</a>. }

1. d4 Nf6 2. c4 g6 3. Nc3 d5 4. Nf3 Bg7 5. Qb3 dxc4 6. Qxc4 Nbd7 7. e4 Nb6
8. Qb3 O-O 9. Be2 c6 10. O-O Be6 11. Qc2 h6 12. Rd1 Rc8 13. h3 Qc7 14. Bd3
Rfd8 15. Qe2 Ne8 16. Be3 Nd6 17. b3 Kh7 18. Rac1 Qb8 19. Bb1 Bd7 20. Ne5
Be8 21. f4 Nb5 22. Nxb5 cxb5 23. Bd3 a6 24. Qf2 Rxc1 25. Bxc1 Qd6 26. Bb2
Nd7 27. Ng4 Nb8 28. e5 Qb6 29. f5 Nc6 30. f6 Bf8 31. fxe7 Bxe7 32. Nf6+ Kg7
33. Rf1 Nxe5 34. Nxe8+ Rxe8 35. Kh1 Rd8 36. Bc2 Qe6 37. dxe5 Bg5 38. Rd1
Rxd1+ 39. Bxd1 a5 40. Bg4 Qd5 41. e6+ f6 42. Qd4 1-0

[Event "Irish Championship 2021"]
[Site "Dublin IRL"]
[Date "2021.08.06"]
[Round "7.7"]
[White "Tirziman, Rudolf"]
[Black "Kanyamarala, Trisha"]
[Result "1/2-1/2"]
[BlackTitle "WIM"]
[WhiteElo "1941"]
[BlackElo "2180"]
[BlackICU "2178"]
[WhiteClub "Blanchardstown"]
[BlackClub "Balbriggan"]
[WhiteNationality "IRL"]
[BlackNationality "IRL"]
[WhiteFideId "2508664"]
[BlackFideId "45004722"]
[PlyCount "86"]
[Venue "Colaiste Eanna"]
[EventDate "2021.07.31"]

{ Event information: <a
href="https://www.irlchess.com/irlch2021_allfiles/pairings_irlch2021.html">Tournament
report</a>. }

1. d4 Nf6 2. c4 e6 3. Nf3 d5 4. g3 dxc4 5. Bg2 Nc6 6. Qa4 Bb4+ 7. Bd2 Bxd2+
8. Nbxd2 O-O 9. Qxc4 Re8 10. Rc1 Re7 11. e4 Rd7 12. e5 Nd5 13. Nb3 a5 14.
Nc5 Re7 15. a3 b6 16. Ne4 Nb8 17. h4 Ba6 18. Qc2 Nd7 19. Bf1 Bxf1 20. Kxf1
c5 21. dxc5 bxc5 22. Neg5 Nf8 23. Kg2 Rc8 24. h5 h6 25. Ne4 Nd7 26. Ned2
N7b6 27. Rh4 Rec7 28. Ne4 c4 29. Nd6 Rb8 30. Rg4 Kh8 31. Nd2 c3 32. bxc3
Nc8 33. N6e4 Nce7 34. c4 Nf5 35. Re1 Nb6 36. Rb1 Nd7 37. Rxb8 Qxb8 38. Qc3
Rb7 39. Qxa5 Nxe5 40. Rf4 Nd3 41. Rg4 Ne5 42. Rf4 Nd3 43. Rg4 Ne5 1/2-1/2

[Event "Irish Championship 2021"]
[Site "Dublin IRL"]
[Date "2021.08.06"]
[Round "7.8"]
[White "Scott, Luke"]
[Black "Murray, David"]
[Result "0-1"]
[WhiteElo "1906"]
[BlackElo "2142"]
[WhiteICU "1959"]
[BlackICU "2125"]
[WhiteClub "Ballyroan"]
[BlackClub "Gonzaga"]
[WhiteNationality "IRL"]
[BlackNationality "IRL"]
[WhiteFideId "2507986"]
[BlackFideId "2501511"]
[PlyCount "68"]
[Venue "Colaiste Eanna"]
[EventDate "2021.07.31"]

{ Event information: <a
href="https://www.irlchess.com/irlch2021_allfiles/pairings_irlch2021.html">Tournament
report</a>. }

1. d4 Nf6 2. c4 e6 3. Nc3 Bb4 4. e3 b6 5. Ne2 c5 6. a3 Ba5 7. Rb1 Na6 8. g3
Bb7 9. d5 b5 10. Bg2 bxc4 11. e4 exd5 12. exd5 O-O 13. O-O d6 14. Qa4 Nb8
15. Bg5 Nbd7 16. Qxc4 Re8 17. Rfd1 Rb8 18. h3 h6 19. Be3 Qc8 20. Qh4 Ba6
21. g4 Bd8 22. Qg3 Ne5 23. b4 Nc4 24. b5 Bb7 25. a4 Nxe3 26. fxe3 Qd7 27.
e4 Qe7 28. Rf1 Nd7 29. Qf4 Ne5 30. Ng3 Qg5 31. Qxg5 Bxg5 32. Nf5 Nc4 33.
Rfd1 g6 34. h4 Bf6 0-1

[Event "Irish Championship 2021"]
[Site "Dublin IRL"]
[Date "2021.08.06"]
[Round "7.9"]
[White "Venkatesan, Kavin"]
[Black "O'Connell, Gerard"]
[Result "1-0"]
[WhiteElo "2011"]
[BlackElo "2051"]
[WhiteICU "2032"]
[BlackICU "2005"]
[WhiteClub "St. Benildus"]
[BlackClub "St. Benildus"]
[WhiteNationality "IRL"]
[BlackNationality "IRL"]
[WhiteFideId "2512602"]
[BlackFideId "2500493"]
[PlyCount "53"]
[Venue "Colaiste Eanna"]
[EventDate "2021.07.31"]

{ Event information: <a
href="https://www.irlchess.com/irlch2021_allfiles/pairings_irlch2021.html">Tournament
report</a>. }

1. d4 Nf6 2. c4 g6 3. Nc3 d5 4. cxd5 Nxd5 5. Bd2 Nb6 6. Nf3 Bg7 7. e3 O-O
8. Be2 Nc6 9. O-O e5 10. dxe5 Nxe5 11. Nxe5 Bxe5 12. Qc2 c6 13. e4 Be6 14.
Be3 Qe7 15. f4 Bg7 16. f5 Bxf5 17. Bxb6 Bxe4 18. Qxe4 Qxe4 19. Nxe4 axb6
20. Bc4 Bxb2 21. Rad1 b5 22. Bb3 Rae8 23. Nd6 Re7 24. Nxf7 Kg7 25. Ng5
Rxf1+ 26. Kxf1 c5 27. Ne6+ 1-0

[Event "Irish Championship 2021"]
[Site "Dublin IRL"]
[Date "2021.08.06"]
[Round "7.10"]
[White "Duffy, Seamus"]
[Black "Goss, Alex"]
[Result "1-0"]
[WhiteElo "1945"]
[BlackElo "1833"]
[WhiteICU "1872"]
[BlackICU "1750"]
[WhiteClub "Dun Laoghaire"]
[BlackClub "U.C.D."]
[WhiteNationality "IRL"]
[BlackNationality "IRL"]
[WhiteFideId "2501708"]
[BlackFideId "2509407"]
[PlyCount "87"]
[Venue "Colaiste Eanna"]
[EventDate "2021.07.31"]
[WhiteFullName "Duffy, S&eacute;amus"]

{ Event information: <a
href="https://www.irlchess.com/irlch2021_allfiles/pairings_irlch2021.html">Tournament
report</a>. }

1. e4 e6 2. d4 d5 3. Nc3 Bb4 4. a3 Bxc3+ 5. bxc3 dxe4 6. Qg4 Nf6 7. Qxg7
Rg8 8. Qh6 Rg6 9. Qd2 Bd7 10. Ne2 Bc6 11. Nf4 Rg8 12. Bb2 Nd5 13. c4 Nb6
14. O-O-O Na4 15. d5 Nxb2 16. dxc6 Nxc6 17. Qxd8+ Rxd8 18. Rxd8+ Kxd8 19.
Kxb2 Ke7 20. g3 Rd8 21. Kc3 Ne5 22. Be2 Rd6 23. c5 Rd8 24. Rd1 Nd7 25. Kb4
c6 26. Ng2 Rg8 27. h4 f5 28. Ne3 Nf6 29. Kc4 Nd5 30. Nxd5+ exd5+ 31. Kd4
Ke6 32. c4 Rd8 33. cxd5+ Rxd5+ 34. Kc4 Ke5 35. f4+ exf3 36. Bxf3 Rxd1 37.
Bxd1 h6 38. Bf3 a5 39. a4 Kf6 40. Kd4 Ke6 41. g4 Kf6 42. g5+ hxg5 43. hxg5+
Kxg5 44. Ke5 1-0